Common wealth: economics for a crowded planet (Record no. 133827)

MARC details
000 -LEADER
fixed length control field 00573nam a2200205Ia 4500
008 - FIXED-LENGTH DATA ELEMENTS--GENERAL INFORMATION
fixed length control field 191130s2008##################000#0#eng##
020 ## - INTERNATIONAL STANDARD BOOK NUMBER
ISBN 9780713999198
082 ## - DEWEY DECIMAL CLASSIFICATION NUMBER
Classification number 338.9 SAC
100 ## - MAIN ENTRY--AUTHOR NAME
Personal name Sachs, Jeffrey D
245 ## - TITLE STATEMENT
Title Common wealth: economics for a crowded planet
Statement of responsibility, etc Jeffrey D .Sachs
260 ## - PUBLICATION, DISTRIBUTION, ETC. (IMPRINT)
Place of publication London
Year of publication 2008
300 ## - PHYSICAL DESCRIPTION
Number of Pages xiii, 386p. : maps. ;24cm
500 ## - GENERAL NOTE
General note Includes index
650 ## - SUBJECT ADDED ENTRY--TOPICAL TERM
Topical Term Economic policy
Topical Term Sustainable development
991 ## -
-- 198555
Holdings
Withdrawn status Lost status Damaged status Not for loan Home library Current library Shelving location Date acquired Full call number Accession Number Price effective from Koha item type
        Anna Centenary Library Anna Centenary Library 4TH FLOOR, A WING 12.10.2020 338.9 SAC 410937 12.10.2020 English Books

Find us on the map